[Event "Azov"]
[Site "Azov"]
[Date "1995.??.??"]
[Round "3"]
[White "Ryskin, Alexander"]
[Black "Guliev, Sarhan"]
[Result "1/2-1/2"]
[WhiteElo "2440"]
[BlackElo "2470"]
[PlyCount "48"]
[EventDate "1995.??.??"]
[EventType "tourn"]
[EventRounds "13"]
[EventCountry "RUS"]
[EventCategory "8"]
[SourceTitle "CBM 046"]
[Source "ChessBase"]
[SourceDate "1995.06.01"]
[SourceVersion "1"]
[SourceVersionDate "1995.06.01"]
[SourceQuality "1"]

1. d4 d5 2. c4 c6 3. Nf3 e6 4. e3 f5 5. Bd3 Nf6 6. 0-0 Bd6 7. b3 Qe7 8. Bb2 0-0 9. Qc1 Bd7 10. Ba3 Bxa3 11. Qxa3 Qxa3 12. Nxa3 Ne4 13. Ne5 Be8 14. f3 Nd6 15. Nc2 Nd7 16. c5 Nf7 17. Nxd7 Bxd7 18. f4 g5 19. b4 Kg7 20. Rab1 a6 21. h3 Rg8 22. Be2 Kf6 23. Ne1 Rg7 24. Rf2 Ke7 1/2-1/2

[Event "Azov"]
[Site "Azov"]
[Date "1995.??.??"]
[Round "5"]
[White "Ryskin, Alexander"]
[Black "Iskusnyh, Sergei"]
[Result "1/2-1/2"]
[WhiteElo "2440"]
[BlackElo "2425"]
[PlyCount "41"]
[EventDate "1995.??.??"]
[EventType "tourn"]
[EventRounds "13"]
[EventCountry "RUS"]
[EventCategory "8"]
[SourceTitle "CBM 046"]
[Source "ChessBase"]
[SourceDate "1995.06.01"]
[SourceVersion "1"]
[SourceVersionDate "1995.06.01"]
[SourceQuality "1"]

1. d4 Nf6 2. c4 g6 3. Nc3 Bg7 4. e4 d6 5. Be2 0-0 6. Bg5 Na6 7. Nf3 h6 8. Bh4 Qe8 9. 0-0 e5 10. Bxf6 Bxf6 11. c5 Bg7 12. Bxa6 bxa6 13. dxe5 dxe5 14. Nd5 Qd8 15. Nb4 Qxd1 16. Rfxd1 f5 17. Nd5 fxe4 18. Nd2 Bg4 19. Nxe4 Bxd1 20. Rxd1 Rfd8 21. c6 1/2-1/2

[Event "Azov"]
[Site "Azov"]
[Date "1995.??.??"]
[Round "11"]
[White "Ryskin, Alexander"]
[Black "Zakhartsov, Viacheslav V"]
[Result "1/2-1/2"]
[WhiteElo "2440"]
[BlackElo "2440"]
[PlyCount "27"]
[EventDate "1995.??.??"]
[EventType "tourn"]
[EventRounds "13"]
[EventCountry "RUS"]
[EventCategory "8"]
[SourceTitle "CBM 046"]
[Source "ChessBase"]
[SourceDate "1995.06.01"]
[SourceVersion "1"]
[SourceVersionDate "1995.06.01"]
[SourceQuality "1"]

1. d4 d5 2. c4 c6 3. Nf3 Nf6 4. Nc3 e6 5. e3 Nbd7 6. Bd3 dxc4 7. Bxc4 b5 8. Be2 Bb7 9. 0-0 Be7 10. e4 b4 11. e5 bxc3 12. exf6 Nxf6 13. bxc3 0-0 14. Rb1 1/2-1/2

[Event "Azov"]
[Site "Azov"]
[Date "1995.??.??"]
[Round "8"]
[White "Zakharevich, Igor"]
[Black "Ryskin, Alexander"]
[Result "1/2-1/2"]
[WhiteElo "2425"]
[BlackElo "2440"]
[PlyCount "96"]
[EventDate "1995.??.??"]
[EventType "tourn"]
[EventRounds "13"]
[EventCountry "RUS"]
[EventCategory "8"]
[SourceTitle "CBM 046"]
[Source "ChessBase"]
[SourceDate "1995.06.01"]
[SourceVersion "1"]
[SourceVersionDate "1995.06.01"]
[SourceQuality "1"]

1. d4 Nf6 2. c4 g6 3. Nc3 Bg7 4. e4 0-0 5. Be2 d6 6. Bg5 h6 7. Be3 e5 8. d5 Na6 9. h4 h5 10. f3 c6 11. Nh3 cxd5 12. cxd5 Bd7 13. Nf2 Nc7 14. Qd2 b5 15. Ncd1 a5 16. g4 Qb8 17. Bg5 Nce8 18. Ne3 Qc7 19. Rc1 Qb6 20. Nf1 Qd4 21. Be3 Qxd2+ 22. Kxd2 hxg4 23. fxg4 Nh7 24. Rg1 Bf6 25. g5 Bd8 26. Ng3 f5 27. gxf6 Nexf6 28. h5 g5 29. h6 Kh8 30. Nh5 Nxh5 31. Bxh5 Rc8 32. Rxc8 Bxc8 33. Bg4 Bxg4 34. Nxg4 Nf6 35. Nxf6 Bxf6 36. Bxg5 Bxg5+ 37. Rxg5 Rf6 38. a4 bxa4 39. Rg3 Rxh6 40. Ra3 Rh2+ 41. Kc3 Rh3+ 42. Kc4 Rh4 43. Kb5 Rxe4 44. Kc6 Kg7 45. Kxd6 Kf6 46. Kd7 Rd4 47. d6 e4 48. Rh3 Rd2 1/2-1/2

[Event "Ljubljana op 5th"]
[Site "Ljubljana"]
[Date "1994.??.??"]
[Round "?"]
[White "Barle, Janez"]
[Black "Ryskin, Alexander"]
[Result "1/2-1/2"]
[WhiteElo "2440"]
[BlackElo "2500"]
[PlyCount "29"]
[EventDate "1994.06.??"]
[EventType "swiss"]
[EventRounds "9"]
[EventCountry "SLO"]
[SourceTitle "TD"]
[Source "ChessBase"]
[SourceDate "1994.03.01"]
[SourceVersion "1"]
[SourceVersionDate "1994.03.01"]
[SourceQuality "1"]

1. e4 c5 2. Nf3 d6 3. Bb5+ Bd7 4. Bxd7+ Qxd7 5. 0-0 Nf6 6. e5 dxe5 7. Nxe5 Qd6 8. Nc4 Qd7 9. d3 e6 10. Nc3 Nc6 11. Bf4 Be7 12. Ne5 Nxe5 13. Bxe5 0-0 14. Qf3 Nd5 15. Nxd5 1/2-1/2

[Event "Polanica Zdroj op"]
[Site "Polanica Zdroj"]
[Date "1994.??.??"]
[Round "?"]
[White "Bobras, Piotr"]
[Black "Ryskin, Alexander"]
[Result "1/2-1/2"]
[WhiteElo "2215"]
[BlackElo "2500"]
[PlyCount "51"]
[EventDate "1994.??.??"]
[EventType "swiss"]
[EventRounds "10"]
[EventCountry "POL"]
[SourceTitle "EXT 1998"]
[Source "ChessBase"]
[SourceDate "1997.11.17"]
[SourceVersion "1"]
[SourceVersionDate "1997.11.17"]
[SourceQuality "1"]

1. e4 c5 2. Nf3 d6 3. d4 cxd4 4. Nxd4 Nf6 5. Nc3 Nc6 6. Bg5 e6 7. Bb5 Bd7 8. Bxc6 bxc6 9. Qf3 h6 10. Bh4 e5 11. Nf5 g5 12. Bg3 Bxf5 13. Qxf5 Be7 14. 0-0-0 Qc8 15. Qf3 Qe6 16. h4 g4 17. Qe3 Nh5 18. f4 gxf3 19. Qxf3 Rg8 20. Qxh5 Rxg3 21. Qe2 a5 22. Rd3 Rg4 23. g3 Rd8 24. Rf1 Rg7 25. Rf5 Rb8 26. Rdf3 1/2-1/2

[Event "Vladivostok"]
[Site "Vladivostok"]
[Date "1994.??.??"]
[Round "5"]
[White "Filippov, Valerij"]
[Black "Ryskin, Alexander"]
[Result "1/2-1/2"]
[WhiteElo "2405"]
[BlackElo "2515"]
[PlyCount "129"]
[EventDate "1994.??.??"]
[EventType "swiss"]
[EventRounds "9"]
[EventCountry "RUS"]
[SourceTitle "CBM 043 Extra"]
[Source "ChessBase"]
[SourceDate "1995.01.01"]
[SourceVersion "1"]
[SourceVersionDate "1995.01.01"]
[SourceQuality "1"]

1. Nf3 Nf6 2. c4 g6 3. d4 Bg7 4. Nc3 0-0 5. Bg5 h6 6. Bh4 d6 7. e3 c6 8. Be2 a6 9. Nd2 Nbd7 10. 0-0 b5 11. b4 Nb6 12. Rc1 bxc4 13. Nxc4 Nxc4 14. Bxc4 a5 15. b5 cxb5 16. Nxb5 Bb7 17. f3 Rc8 18. a4 Nd5 19. Bf2 Nb4 20. d5 Re8 21. e4 Bb2 22. Rb1 Rxc4 23. Rxb2 Qd7 24. Qd2 Kh7 25. Be3 h5 26. Bb6 Ba6 27. Bxa5 Bxb5 28. Bxb4 Qa7+ 29. Kh1 Rd4 30. axb5 Rxd2 31. Bxd2 Qd4 32. Rfb1 Ra8 33. h3 Ra1 34. Be1 Rxb1 35. Rxb1 Qd3 36. Rc1 Qxb5 37. Bg3 Qb7 38. Kh2 Kg7 39. h4 f6 40. Rc2 Kf7 41. Rc1 Qd7 42. Re1 Qa7 43. Rc1 Qb7 44. Bf4 Ke8 45. Rd1 Kf7 46. Rc1 Qa7 47. Rc2 Qd4 48. Rc7 Ke8 49. Rb7 Qf2 50. Bg3 Qe3 51. Rb8+ Kd7 52. Rb7+ Kd8 53. Rb8+ Kc7 54. Rb1 Qd3 55. Rc1+ Kd7 56. Bf4 Qd4 57. Kg3 Qb4 58. Kf2 Qb2+ 59. Kg3 Qe2 60. Ra1 Ke8 61. Ra8+ Kf7 62. Bh6 Qe1+ 63. Kh3 Qh1+ 64. Kg3 Qe1+ 65. Kh3 1/2-1/2

[Event "St Petersburg op"]
[Site "St Petersburg"]
[Date "1994.??.??"]
[Round "8"]
[White "Ivanov, Sergey"]
[Black "Ryskin, Alexander"]
[Result "0-1"]
[WhiteElo "2505"]
[BlackElo "2500"]
[PlyCount "150"]
[EventDate "1994.02.??"]
[EventType "swiss"]
[EventRounds "9"]
[EventCountry "RUS"]
[SourceTitle "CBM 041"]
[Source "ChessBase"]
[SourceDate "1994.08.01"]
[SourceVersion "1"]
[SourceVersionDate "1994.08.01"]
[SourceQuality "1"]

1. d4 Nf6 2. c4 g6 3. Nc3 Bg7 4. e4 0-0 5. Be2 d6 6. Bg5 Na6 7. Qd2 e5 8. d5 Qe8 9. f3 Nh5 10. Bd1 f5 11. Nge2 Bd7 12. Bc2 Nb4 13. Bb1 a5 14. a3 Na6 15. b3 f4 16. Bc2 Bf6 17. Bxf6 Rxf6 18. 0-0-0 Nc5 19. Kb2 b5 20. cxb5 Bxb5 21. Nxb5 Qxb5 22. Nc3 Qb7 23. Ka2 Rff8 24. Rb1 Nf6 25. Bd3 Nxd3 26. Qxd3 Nd7 27. Qb5 Qxb5 28. Nxb5 Rfc8 29. Rhc1 Nc5 30. Rc4 Kf7 31. Nc3 Ke7 32. Na4 Nxa4 33. Rxa4 Kd7 34. b4 axb4 35. Rxa8 Rxa8 36. Rxb4 g5 37. h3 h5 38. a4 c5 39. dxc6+ Kxc6 40. Rc4+ Kb6 41. Kb3 g4 42. hxg4 hxg4 43. Rb4+ Kc5 44. Rc4+ Kb6 45. Rc3 g3 46. Kb4 Rb8 47. Rc2 Ka7+ 48. Ka3 Rb1 49. Rd2 Rf1 50. Kb4 Kb7 51. a5 Rf2 52. Kc3 Rxd2 53. Kxd2 Ka6 54. Kd3 Kxa5 55. Kc4 Kb6 56. Kd5 Kc7 57. Ke6 Kc6 58. Kf5 Kd7 59. Kf6 Kd8 60. Ke6 Kc7 61. Kd5 Kd7 62. Kc4 Kc6 63. Kc3 Kc5 64. Kd3 Kb5 65. Kd2 Kc4 66. Kc2 d5 67. exd5 Kxd5 68. Kd3 e4+ 69. Ke2 Kd4 70. fxe4 Kxe4 71. Kf1 Kd3 72. Ke1 Ke3 73. Kf1 Kd2 74. Kg1 Ke2 75. Kh1 f3 0-1

[Event "Minsk Boleslavsky Memorial"]
[Site "Minsk"]
[Date "1994.??.??"]
[Round "10"]
[White "Lyrberg, Patrik"]
[Black "Ryskin, Alexander"]
[Result "0-1"]
[WhiteElo "2415"]
[BlackElo "2500"]
[PlyCount "88"]
[EventDate "1994.02.??"]
[EventType "tourn"]
[EventRounds "11"]
[EventCountry "BLR"]
[EventCategory "10"]
[SourceTitle "CBM 042"]
[Source "ChessBase"]
[SourceDate "1994.10.01"]
[SourceVersion "1"]
[SourceVersionDate "1994.10.01"]
[SourceQuality "1"]

1. d4 Nf6 2. c4 g6 3. Nc3 Bg7 4. e4 d6 5. Nf3 0-0 6. Be2 Na6 7. 0-0 e5 8. Be3 Ng4 9. Bg5 Qe8 10. h3 h6 11. Bc1 Nf6 12. dxe5 dxe5 13. Be3 Qe7 14. a3 c6 15. b4 Nh5 16. Re1 Nf4 17. Bf1 Rd8 18. Qc2 Ne6 19. Rad1 Nd4 20. Bxd4 exd4 21. Na4 b6 22. c5 b5 23. Nb2 Nc7 24. e5 Ne6 25. Qe4 Qd7 26. g3 a5 27. Bg2 axb4 28. axb4 Ra3 29. h4 Qd5 30. Qxd5 Rxd5 31. Nd3 Rd8 32. Rd2 Nc7 33. Nf4 d3 34. Re3 Bf5 35. Ne1 Na6 36. Nexd3 Ra1+ 37. Kh2 Nxb4 38. g4 Bxg4 39. Re4 Nxd3 40. Rxd3 Rxd3 41. Nxd3 Bf5 42. Re3 Bxd3 43. Rxd3 Bxe5+ 44. Kh3 Rc1 0-1

[Event "Casino op 2nd"]
[Site "Velden"]
[Date "1994.??.??"]
[Round "5"]
[White "Niedermayr, Horst"]
[Black "Ryskin, Alexander"]
[Result "0-1"]
[WhiteElo "2245"]
[BlackElo "2515"]
[PlyCount "72"]
[EventDate "1994.07.??"]
[EventType "swiss"]
[EventRounds "9"]
[EventCountry "AUT"]
[SourceTitle "TD"]
[Source "ChessBase"]
[SourceDate "1994.03.01"]
[SourceVersion "1"]
[SourceVersionDate "1994.03.01"]
[SourceQuality "1"]

1. e4 c5 2. Nf3 d6 3. c3 Nf6 4. Be2 g6 5. 0-0 Bg7 6. Re1 0-0 7. Bf1 Bg4 8. d3 Nc6 9. Nbd2 b5 10. h3 Bxf3 11. Nxf3 Rc8 12. d4 cxd4 13. Nxd4 Nxd4 14. Qxd4 Rc5 15. Qd3 Qb8 16. Be3 Rc7 17. f3 Nd7 18. Rac1 a6 19. f4 Nc5 20. Bxc5 Rxc5 21. b4 Rc6 22. c4 Rfc8 23. c5 dxc5 24. e5 cxb4 25. Rxc6 Rxc6 26. Qe4 Qb6+ 27. Kh1 e6 28. Qxb4 Bf8 29. Qb2 Qc5 30. Bd3 Qc3 31. Qe2 Qd4 32. Be4 Rc4 33. Bb7 Ra4 34. Rc1 Ra3 35. Rc8 Qxf4 36. Qb2 Re3 0-1

[Event "Pardubice op"]
[Site "Pardubice"]
[Date "1994.??.??"]
[Round "3"]
[White "Ryskin, Alexander"]
[Black "Bashkov, Viacheslav"]
[Result "1-0"]
[WhiteElo "2515"]
[BlackElo "2420"]
[PlyCount "123"]
[EventDate "1994.07.??"]
[EventType "swiss"]
[EventRounds "9"]
[EventCountry "CZE"]
[SourceTitle "EXT 1997"]
[Source "ChessBase"]
[SourceDate "1996.11.15"]
[SourceVersion "1"]
[SourceVersionDate "1996.11.15"]
[SourceQuality "1"]

1. d4 d5 2. c4 e6 3. Nc3 c6 4. e3 Nf6 5. Nf3 Nbd7 6. Bd3 dxc4 7. Bxc4 b5 8. Be2 Bb7 9. 0-0 Be7 10. e4 b4 11. e5 bxc3 12. exf6 Nxf6 13. bxc3 0-0 14. Rb1 Qc8 15. Qb3 Ba6 16. Bxa6 Qxa6 17. Ne5 Bd6 18. Qc4 Qxc4 19. Nxc4 Bc7 20. Rb7 Nd5 21. Bd2 Rfb8 22. Rfb1 Rxb7 23. Rxb7 Rb8 24. Rxb8+ Bxb8 25. Na5 Ne7 26. c4 Bd6 27. Kf1 Kf8 28. Nb7 Bc7 29. Bb4 Bb6 30. Bd6 Bxd4 31. Na5 Bf6 32. Nxc6 a6 33. Nb8 Ke8 34. Nxa6 Kd7 35. Ba3 Nf5 36. Nc5+ Kc6 37. Ne4 Bd8 38. Bb2 f6 39. Ke2 e5 40. Bc3 Bb6 41. g4 Nh4 42. Bb4 Ng2 43. Bd2 Bd8 44. a4 Nh4 45. a5 Ng6 46. a6 Bb6 47. Be3 Bxe3 48. Kxe3 Kb6 49. Nd6 Kxa6 50. Ne8 Kb6 51. Nxg7 Ne7 52. Ke4 Kc5 53. Nh5 Ng8 54. Kd3 Kd6 55. Ng3 Ne7 56. Nf5+ Nxf5 57. gxf5 Kc5 58. Kc3 e4 59. Kb3 Kd4 60. Kb4 Ke5 61. Kc5 h5 62. Kb6 1-0

[Event "Casino op 2nd"]
[Site "Velden"]
[Date "1994.??.??"]
[Round "6"]
[White "Ryskin, Alexander"]
[Black "Casagrande, Harald"]
[Result "0-1"]
[WhiteElo "2515"]
[BlackElo "2395"]
[PlyCount "72"]
[EventDate "1994.07.??"]
[EventType "swiss"]
[EventRounds "9"]
[EventCountry "AUT"]
[SourceTitle "TD"]
[Source "ChessBase"]
[SourceDate "1994.03.01"]
[SourceVersion "1"]
[SourceVersionDate "1994.03.01"]
[SourceQuality "1"]

1. d4 g6 2. c4 Bg7 3. Nc3 d6 4. Nf3 Nd7 5. e4 e5 6. d5 Ne7 7. h4 f5 8. h5 f4 9. g3 0-0 10. Ng5 Nc5 11. hxg6 hxg6 12. Rg1 a5 13. Na4 Nxa4 14. Qxa4 Nxd5 15. cxd5 Qxg5 16. Bd2 Qh5 17. gxf4 exf4 18. Rc1 Bg4 19. Rxc7 Bxb2 20. Bb5 Rac8 21. Rxc8 Bxc8 22. Bd7 b5 23. Qxb5 Bd4 24. Qc6 Bxd7 25. Qxd7 Rb8 26. Qe6+ Kh8 27. Bc1 Qh4 28. Rf1 Qh5 29. f3 Qh2 30. Kd1 Qg2 31. Re1 Qxf3+ 32. Re2 Bc3 33. Bd2 Rb1+ 34. Kc2 Rb2+ 35. Kc1 Bxd2+ 36. Rxd2 Qc3+ 0-1

[Event "Casino op 2nd"]
[Site "Velden"]
[Date "1994.??.??"]
[Round "8"]
[White "Ryskin, Alexander"]
[Black "Hresc, Vladimir"]
[Result "1/2-1/2"]
[WhiteElo "2515"]
[BlackElo "2420"]
[PlyCount "89"]
[EventDate "1994.07.??"]
[EventType "swiss"]
[EventRounds "9"]
[EventCountry "AUT"]
[SourceTitle "TD"]
[Source "ChessBase"]
[SourceDate "1994.03.01"]
[SourceVersion "1"]
[SourceVersionDate "1994.03.01"]
[SourceQuality "1"]

1. d4 Nf6 2. c4 e6 3. Nf3 b6 4. a3 Bb7 5. Nc3 d5 6. cxd5 exd5 7. Qa4+ c6 8. g3 Bd6 9. Bg2 0-0 10. 0-0 Re8 11. Bg5 Nbd7 12. Rad1 h6 13. Bc1 a5 14. Rfe1 b5 15. Qc2 b4 16. Na4 bxa3 17. bxa3 Qe7 18. Rd3 c5 19. Nh4 c4 20. Re3 Qf8 21. Nf5 Rxe3 22. Nxe3 Rc8 23. Nc3 Bxa3 24. Bxa3 Qxa3 25. Rb1 Bc6 26. Nexd5 Nxd5 27. Nxd5 Bxd5 28. Bxd5 c3 29. e4 Qd6 30. Qa2 Kh8 31. e5 Qg6 32. Bxf7 Qd3 33. Bb3 Qxd4 34. Rd1 Qa7 35. Re1 Qc5 36. e6 Ne5 37. Qe2 Nc6 38. e7 Nxe7 39. Qxe7 Qxe7 40. Rxe7 c2 41. Bxc2 Rxc2 42. Ra7 Ra2 43. h4 h5 44. Kg2 Kh7 45. Ra6 1/2-1/2

[Event "RUS-chT 02nd"]
[Site "Kolontaevo"]
[Date "1994.??.??"]
[Round "4"]
[White "Ryskin, Alexander"]
[Black "Kalegin, Evgenij"]
[Result "1/2-1/2"]
[WhiteElo "2515"]
[BlackElo "2435"]
[PlyCount "138"]
[EventDate "1994.??.??"]
[EventType "team-tourn"]
[EventRounds "9"]
[EventCountry "RUS"]
[SourceTitle "EXT 2020"]
[Source "ChessBase"]
[SourceDate "2019.10.17"]
[SourceVersion "1"]
[SourceVersionDate "2019.10.17"]
[SourceQuality "1"]
[WhiteTeam "Azov Ladya"]
[BlackTeam "Ufa Kadyr"]
[WhiteTeamCountry "RUS"]
[BlackTeamCountry "RUS"]

1. d4 Nf6 2. c4 c5 3. d5 b5 4. cxb5 a6 5. b6 d6 6. Nc3 Nbd7 7. e4 g6 8. a4 a5 9. Bb5 Bg7 10. Nf3 0-0 11. 0-0 Bb7 12. h3 Nxb6 13. Bf4 Ne8 14. Re1 Nc7 15. Bf1 Ba6 16. Bxa6 Rxa6 17. Qe2 Qa8 18. h4 Rd8 19. h5 e5 20. dxe6 Nxe6 21. Bg3 d5 22. exd5 Nxd5 23. Rad1 Ra7 24. Be5 Nxc3 25. bxc3 Re8 26. Qc4 Rae7 27. Re3 Rd8 28. Rde1 Red7 29. Bxg7 Nxg7 30. hxg6 hxg6 31. Qxc5 Nf5 32. Re5 Rd5 33. Rxd5 Rxd5 34. Qc7 Qf8 35. c4 Rc5 36. Qd7 Qd6 37. Qe8+ Kg7 38. Qe4 Qf6 39. Ne5 Nd6 40. Qe3 Rc8 41. Ng4 Nf5 42. Qh3 Qb2 43. Ne3 Rc5 44. Nxf5+ Rxf5 45. Qe3 Rh5 46. Rc1 Qb8 47. f4 Qd6 48. c5 Qc6 49. Qc3+ Kh7 50. Qxa5 Qf6 51. Qd2 Qh4 52. c6 Qh2+ 53. Kf2 Rh4 54. Rc4 Rg4 55. Kf3 Rg3+ 56. Ke4 Rxg2 57. Qd4 Re2+ 58. Kd5 Rd2 59. c7 Rxd4+ 60. Rxd4 Qh3 61. Rc4 Qd7+ 62. Ke4 f5+ 63. Ke5 Qe7+ 64. Kd4 Qd7+ 65. Kc3 Qc8 66. a5 g5 67. a6 gxf4 68. a7 f3 69. Kd2 Qd7+ 1/2-1/2

[Event "RUS-chT 02nd"]
[Site "Kolontaevo"]
[Date "1994.??.??"]
[Round "7"]
[White "Ryskin, Alexander"]
[Black "Khasin, Alexander"]
[Result "1/2-1/2"]
[WhiteElo "2515"]
[BlackElo "2470"]
[PlyCount "63"]
[EventDate "1994.??.??"]
[EventType "team-tourn"]
[EventRounds "9"]
[EventCountry "RUS"]
[SourceTitle "EXT 2020"]
[Source "ChessBase"]
[SourceDate "2019.10.17"]
[SourceVersion "1"]
[SourceVersionDate "2019.10.17"]
[SourceQuality "1"]
[WhiteTeam "Azov Ladya"]
[BlackTeam "Novosibirsk New Siberia"]
[WhiteTeamCountry "RUS"]
[BlackTeamCountry "RUS"]

1. d4 Nf6 2. c4 e6 3. Nf3 Bb4+ 4. Bd2 Qe7 5. g3 Nc6 6. Nc3 Bxc3 7. Bxc3 Ne4 8. Rc1 0-0 9. Bg2 d6 10. d5 Nxc3 11. Rxc3 Nd8 12. 0-0 e5 13. Nd2 f5 14. c5 Nf7 15. cxd6 cxd6 16. f4 Bd7 17. Rc7 b6 18. e4 Rfc8 19. Qc2 exf4 20. gxf4 Qf6 21. Kh1 Rxc7 22. Qxc7 Bb5 23. e5 dxe5 24. fxe5 Nxe5 25. d6 Re8 26. Bd5+ Kh8 27. Re1 g6 28. Nf3 Nxf3 29. Rxe8+ Bxe8 30. Bxf3 Qe5 31. Qb8 g5 32. Bh5 1/2-1/2

[Event "Minsk Boleslavsky Memorial"]
[Site "Minsk"]
[Date "1994.??.??"]
[Round "6"]
[White "Ryskin, Alexander"]
[Black "Luther, Thomas"]
[Result "1-0"]
[WhiteElo "2500"]
[BlackElo "2515"]
[PlyCount "87"]
[EventDate "1994.02.??"]
[EventType "tourn"]
[EventRounds "11"]
[EventCountry "BLR"]
[EventCategory "10"]
[SourceTitle "CBM 042"]
[Source "ChessBase"]
[SourceDate "1994.10.01"]
[SourceVersion "1"]
[SourceVersionDate "1994.10.01"]
[SourceQuality "1"]

1. d4 e6 2. c4 Nf6 3. Nc3 Bb4 4. a3 Bxc3+ 5. bxc3 c5 6. e3 0-0 7. Bd3 Nc6 8. Ne2 b6 9. 0-0 Ba6 10. e4 Ne8 11. f4 f5 12. Ng3 g6 13. Re1 Na5 14. exf5 exf5 15. dxc5 bxc5 16. Be3 Rc8 17. Bf2 Nf6 18. Qa4 Ng4 19. Ra2 Bb7 20. Nf1 d5 21. Ne3 Nxe3 22. Bxe3 Bc6 23. Qd1 dxc4 24. Bf1 Qxd1 25. Rxd1 Be4 26. Rb2 Bd3 27. Rb5 Bxf1 28. Rxa5 Bd3 29. Bxc5 Rfe8 30. Rd2 a6 31. Bd4 Rc6 32. Rd5 g5 33. fxg5 h6 34. h4 hxg5 35. hxg5 Kh7 36. g4 Kg6 37. gxf5+ Bxf5 38. Rf2 Bd3 39. Rf6+ Rxf6 40. gxf6 Re2 41. Ra5 Be4 42. Rxa6 Ra2 43. Ra7 Bd5 44. Rg7+ 1-0

[Event "St Petersburg op"]
[Site "St Petersburg"]
[Date "1994.??.??"]
[Round "9"]
[White "Ryskin, Alexander"]
[Black "Malaniuk, Vladimir P"]
[Result "1/2-1/2"]
[WhiteElo "2500"]
[BlackElo "2595"]
[PlyCount "80"]
[EventDate "1994.02.??"]
[EventType "swiss"]
[EventRounds "9"]
[EventCountry "RUS"]
[SourceTitle "CBM 041"]
[Source "ChessBase"]
[SourceDate "1994.08.01"]
[SourceVersion "1"]
[SourceVersionDate "1994.08.01"]
[SourceQuality "1"]

1. d4 f5 2. Nc3 Nf6 3. Bg5 d5 4. Bxf6 exf6 5. e3 Be6 6. Bd3 Nc6 7. Nf3 Qd7 8. a3 Na5 9. b3 b6 10. Ne2 Be7 11. c3 g6 12. Qc2 c5 13. dxc5 bxc5 14. b4 Nc4 15. Nf4 Bf7 16. 0-0 0-0 17. Rfd1 Qb7 18. Be2 a5 19. bxc5 Bxc5 20. Nd4 Ra6 21. Rab1 Qa8 22. Qa2 Nxa3 23. Bxa6 Nxb1 24. Qxa5 Nxc3 25. Qxc3 Bxd4 26. Qxd4 Qxa6 27. Nxd5 Bxd5 28. Qxd5+ Kg7 29. h4 Rf7 30. h5 Qe2 31. hxg6 hxg6 32. Ra1 Qb2 33. Ra8 Qb4 34. g3 Qb1+ 35. Kh2 Qb2 36. Ra2 Qb7 37. Qxb7 Rxb7 38. Kg2 g5 39. Rd2 Rb3 40. Ra2 Rb7 1/2-1/2

[Event "Polanica Zdroj op"]
[Site "Polanica Zdroj"]
[Date "1994.??.??"]
[Round "?"]
[White "Ryskin, Alexander"]
[Black "Mochalov, Evgeny Veniaminovic"]
[Result "0-1"]
[WhiteElo "2500"]
[BlackElo "2450"]
[PlyCount "122"]
[EventDate "1994.??.??"]
[EventType "swiss"]
[EventRounds "10"]
[EventCountry "POL"]
[SourceTitle "EXT 1998"]
[Source "ChessBase"]
[SourceDate "1997.11.17"]
[SourceVersion "1"]
[SourceVersionDate "1997.11.17"]
[SourceQuality "1"]

1. d4 Nf6 2. c4 e6 3. Nf3 d5 4. Nc3 c5 5. cxd5 cxd4 6. Qxd4 Nxd5 7. Nxd5 exd5 8. Bg5 f6 9. Bd2 Nc6 10. Qa4 Bc5 11. e3 0-0 12. Be2 Be6 13. 0-0 Qd7 14. Rac1 Bb6 15. Bb5 Rfc8 16. Qh4 a6 17. Bd3 Bf5 18. Bxf5 Qxf5 19. Bc3 Re8 20. Qa4 Ba7 21. Qb3 Re7 22. Rfd1 Rd8 23. Bb4 Re4 24. Bc5 Bxc5 25. Rxc5 Rb4 26. Qc3 Rg4 27. Ne1 Qe6 28. Qb3 Rc4 29. Rcxd5 Rxd5 30. Qxc4 Re5 31. Qxe6+ Rxe6 32. Rd7 b5 33. Kf1 Ne5 34. Rc7 Rd6 35. Ke2 h5 36. h3 Kh7 37. b3 Kg6 38. f4 Nc6 39. Nd3 h4 40. Rc8 Ne7 41. Ra8 Nd5 42. Nc5 Nc3+ 43. Kf3 Nxa2 44. Rxa6 Rd2 45. Ra5 Nc3 46. Ne6 Nd1 47. e4 Rf2+ 48. Kg4 Rxg2+ 49. Kxh4 Re2 50. f5+ Kh6 51. Rxb5 Rxe4+ 52. Kg3 Ne3 53. Kf3 Nxf5 54. Kxe4 Nd6+ 55. Kd5 Nxb5 56. Kc5 Na3 57. Kb4 Nc2+ 58. Kc3 Ne3 59. Kd3 Nd5 60. Kc4 Ne3+ 61. Kb5 Nc2 0-1

[Event "Minsk Boleslavsky Memorial"]
[Site "Minsk"]
[Date "1994.??.??"]
[Round "4"]
[White "Ryskin, Alexander"]
[Black "Pedersen, Steffen"]
[Result "1-0"]
[WhiteElo "2500"]
[BlackElo "2420"]
[PlyCount "51"]
[EventDate "1994.02.??"]
[EventType "tourn"]
[EventRounds "11"]
[EventCountry "BLR"]
[EventCategory "10"]
[SourceTitle "CBM 042"]
[Source "ChessBase"]
[SourceDate "1994.10.01"]
[SourceVersion "1"]
[SourceVersionDate "1994.10.01"]
[SourceQuality "1"]

1. d4 d5 2. c4 e6 3. Nf3 c6 4. Qc2 Nd7 5. g3 b6 6. Bg2 Bb7 7. 0-0 Ngf6 8. Nbd2 Rc8 9. e4 dxe4 10. Nxe4 Nxe4 11. Qxe4 Bd6 12. b3 0-0 13. Bb2 Nf6 14. Qc2 h6 15. Rad1 Qc7 16. Rfe1 Rfe8 17. c5 Be7 18. Ne5 Nd7 19. Nd3 Bf6 20. Bc3 e5 21. dxe5 Nxe5 22. Nf4 Nd7 23. Nh5 Rxe1+ 24. Rxe1 Qb8 25. Bh3 Rc7 26. Bxd7 1-0

[Event "Polanica Zdroj op"]
[Site "Polanica Zdroj"]
[Date "1994.??.??"]
[Round "?"]
[White "Ryskin, Alexander"]
[Black "Skalik, Przemyslaw"]
[Result "1/2-1/2"]
[WhiteElo "2500"]
[BlackElo "2365"]
[PlyCount "94"]
[EventDate "1994.??.??"]
[EventType "swiss"]
[EventRounds "10"]
[EventCountry "POL"]
[SourceTitle "EXT 1998"]
[Source "ChessBase"]
[SourceDate "1997.11.17"]
[SourceVersion "1"]
[SourceVersionDate "1997.11.17"]
[SourceQuality "1"]

1. d4 d5 2. c4 c6 3. Nc3 Nf6 4. e3 e6 5. Nf3 Nbd7 6. Bd3 dxc4 7. Bxc4 b5 8. Be2 a6 9. 0-0 Bb7 10. e4 b4 11. e5 bxc3 12. exf6 Nxf6 13. bxc3 Bd6 14. Qb3 Qc7 15. Ba3 0-0 16. Bxd6 Qxd6 17. Ne5 Rfb8 18. Bf3 Nd5 19. c4 Ne7 20. Rfd1 Bc8 21. Qc3 Bd7 22. Be4 Be8 23. c5 Qc7 24. Nc4 Qf4 25. Qd3 h6 26. g3 Qf6 27. Rab1 Rxb1 28. Rxb1 Rd8 29. Ne5 Nf5 30. Bxf5 exf5 31. Re1 Qe6 32. Qc4 Kf8 33. Qa4 Qc8 34. Qd1 Qe6 35. Qa4 Qc8 36. Rd1 f6 37. Nc4 Bh5 38. Rd3 f4 39. Nd6 Qh3 40. Qb3 Rxd6 41. gxf4 Qe6 42. cxd6 Qe1+ 43. Kg2 Be2 44. Qb8+ Kf7 45. Qb3+ Kf8 46. Qb8+ Kf7 47. Qb3+ Kf8 1/2-1/2